Brooklyn Nets Roster - Statistics

General Stats
  • This quiz has been taken 46 times
    24 since last reset
  • The average score is 6 of 14
Answer Stats
Number Position Player % Correct
24 Guard Cam Thomas
95%
33 Forward/Center Nic Claxton
91%
1 Guard/Forward Mikal Bridges
77%
2 Forward Cameron Johnson
68%
6 Forward Dorian Finney-Smith
55%
26 Guard Spencer Dinwiddie
50%
10 Guard/Forward Ben Simmons
45%
20 Forward Day'Ron Sharpe
41%
8 Guard Dennis Smith Jr.
41%
00 Forward Royce O'Neale
32%
4 Guard/Forward Lonnie Walker IV
23%
6 Guard David Duke Jr.
9%
1 Guard Armoni Brooks
5%
55 Forward Darius Bazley
0%
No matching quizzes found
Score Distribution
Percent of People with Each Score
Percentile by Number Answered
Your Score History
You have not taken this quiz since the last reset